| 000 | 00000nam 2200000zi 4500 |
| 001 | 9.939827 |
| 003 | CaOODSP |
| 005 | 20240625163005 |
| 006 | m o d f |
| 007 | cr mn||||||||| |
| 008 | 240625s1977 oncb ob f000 0 fre d |
| 040 | |aCaOODSP|bfre|erda|cCaOODSP |
| 043 | |an-cn-qu |
| 086 | 1 |aEn37-678/1977F-PDF |
| 245 | 00|aDickey Lincoln : |bétude du rapport d'impact et considérations sur les zones affectées au Québec. |
| 264 | 1|a[Ottawa] : |b[Environnement Canada], |c[1977] |
| 300 | |a1 ressource en ligne (36 pages) : |bcartes |
| 336 | |atexte|btxt|2rdacontent/fre |
| 337 | |ainformatique|bc|2rdamedia/fre |
| 338 | |aressource en ligne|bcr|2rdacarrier/fre |
| 500 | |aÉdition numérisée de l’imprimé [par Environnement et changement climatique Canada]. |
| 500 | |aPublié aussi en anglais sous le titre : Dickey Lincoln : study of impact report and considerations on affected zones in Quebec. |
| 504 | |aComprend des références bibliographiques (pages 32-36). |
| 650 | 6|aRéservoirs (Lacs)|xAspect de l'environnement|zQuébec (Province) |
| 650 | 6|aBarrages|xAspect de l'environnement|zQuébec (Province) |
| 710 | 1 |aCanada. |bEnvironnement Canada, |eorganisme de publication. |
| 775 | 08|tDickey Lincoln : |w(CaOODSP)9.929570 |
| 856 | 40|qPDF|s943 Ko|uhttps://publications.gc.ca/collections/collection_2024/eccc/En37-678-1977-fra.pdf |